Viajes con Charles: en busca de Norteamerica

Wedi'i Gadw mewn:
Manylion Llyfryddiaeth
Prif Awdur: Steinbeck, John
Fformat: Llyfr
Iaith:Undetermined
Cyhoeddwyd: Buenos Aires, Argentina Editorial Sudamericana 1985
Pynciau:
Tagiau: Ychwanegu Tag
Dim Tagiau, Byddwch y cyntaf i dagio'r cofnod hwn!

MARC

LEADER 00000nam a2200000Ia 4500
008 170316s9999 xx 000 0 und d
040 |a cru BVZT 
090 |a 810 S-40v 
100 |a Steinbeck, John 
245 |a Viajes con Charles: en busca de Norteamerica 
260 |a Buenos Aires, Argentina 
260 |b Editorial Sudamericana 
260 |c 1985 
300 |a 238 páginas 
650 |a LITERATURA ESTADOUNIDENSE 
999 |c 6150  |d 6150 
942 |c 15 D  |h 810 S-40v  |2 z